En el Hospital Psiquiatrico: el sexo como locura /
En este texto se indagan los intersticios del discurso sobre la sexualidad en el Hospital Nacional Psiquiátrico (Costa Rica) y en otras instituciones que integran su contexto (Ministerio de Educación Pública, iglesia católica, instituciones penales, etc) durante el período 1978-2004, para entender c...
Guardat en:
| Autor principal: | |
|---|---|
| Format: | Desconegut |
| Idioma: | Spanish |
| Publicat: |
Costa Rica :
Universidad de Costa Rica,
|
| Matèries: | |
| Etiquetes: |
Afegir etiqueta
Sense etiquetes, Sigues el primer a etiquetar aquest registre!
|
MARC
| LEADER | 00000 a2200000 04500 | ||
|---|---|---|---|
| 001 | 40364 | ||
| 003 | |||
| 008 | 050701s2009 cr spa d | ||
| 040 | |||
| 020 | |a 978-9968-619-00-4 | ||
| 090 | |a 1001 G191s | ||
| 100 | |a Gamboa Barboza, Isabel | ||
| 245 | |a En el Hospital Psiquiatrico: el sexo como locura / |c Isabel Gamboa Barboza | ||
| 260 | |a Costa Rica : |b Universidad de Costa Rica, | ||
| 300 | |a 297 Páginas | ||
| 520 | |a En este texto se indagan los intersticios del discurso sobre la sexualidad en el Hospital Nacional Psiquiátrico (Costa Rica) y en otras instituciones que integran su contexto (Ministerio de Educación Pública, iglesia católica, instituciones penales, etc) durante el período 1978-2004, para entender cuáles identidades y prácticas sexuales fueron construidas y respresentadas en términos de normalidad, peligrosidad, enfermedad o legitimidad. | ||
| 590 | |a RRH/072010 | ||
| 650 | |a SEXUALIDAD | ||
| 650 | |a ESTEREOTIPOS | ||
| 650 | |a DISCRIMINACION | ||
| 650 | |a PSIQUIATRIA | ||
| 650 | |a MOVIMIENTOS LESBICO-GAYS | ||
| 650 | |a MARCO INSTITUCIONAL | ||
| 650 | |a HOSPITALES PSIQUIATRICOS | ||
| 650 | |a COSTA RICA | ||
| 999 | |c 13240 |d 13240 | ||



